000 00487nam a2200181Ia 4500
001 14775
005 20260306164939.0
008 260306t2017||||xx |||||||||||||| ||spa||
041 _aESP
082 _a519.2
_bM42P
100 _aMendenhall, William
_eAUT
245 0 _aProbabilidad y estadĂ­stica para las ciencias sociales del comportamiento y la salud
260 _c2017
300 _axvi, 712 páginas :
_c27 cm.
650 _aGEN
654 _aCMA
942 _cLIB
_dJUS
_fJUS
_2ddc
_n
999 _c14775
_d14775